000 00497nmm a2200157Ia 4500
008 251105s9999||||xx |||||||||||||||||und||
020 _a9788490645260
041 _aspa
100 _aHerrera Ferrer, Raquel
245 0 _aÉrase unas veces: filiaciones narrativas en el arte digital
264 _a[Madrid, España] :
_bUniversitat Oberta de Catalunya,
_c2015
300 _a300 páginas
650 _aLiterature, Theory
856 _uhttps://public.digitaliapublishing.com/a/37968
942 _cCF
999 _c87723
_d87723